|
|
|
|
| LEADER |
00000nam0a2200000 4500 |
| 001 |
73061 |
| 005 |
20231101212702.0 |
| 010 |
|
|
|b 5000 экз.
|
| 035 |
|
|
|a (RuTPU)RU\TPU\book\77905
|
| 090 |
|
|
|a 73061
|
| 100 |
|
|
|a 20050208d1956 k y0rusy50 ca
|
| 101 |
0 |
|
|a rus
|
| 102 |
|
|
|a RU
|
| 105 |
|
|
|a a z 011zd
|
| 200 |
1 |
|
|a Об основаниях геометрии. Сборник классических работ по геометрии Лобачевского и развитию ее идей
|f под ред. А. П. Нордена; сост. И. Н. Бронштейн
|
| 210 |
|
|
|a Москва
|c Государственное издательство технико-теоретической литературы
|d 1956
|
| 215 |
|
|
|a 527 с.
|c ил.
|e 3 л. черт.
|
| 225 |
1 |
|
|a Классики естествознания. Математика. Механика. Физика. Астрономия
|
| 300 |
|
|
|a Общ. тит. лист
|
| 300 |
|
|
|a К 100-летию со дня смерти Н. И. Лобачевского.
|
| 320 |
|
|
|a Библиогр. сведения: с. 511-525.
|
| 600 |
|
1 |
|a Лобачевский
|g Николай Иванович
|c российский математик
|f 1792-1856
|b Н. И.
|2 stltpui
|3 (RuTPU)RU\TPU\pers\981
|
| 600 |
|
1 |
|a Гаусс
|b К. Ф.
|f 1777-1855
|g Карл Фридрих
|c немецкий математик
|2 stltpush
|3 (RuTPU)RU\TPU\pers\4400
|
| 600 |
|
1 |
|a Клейн
|b Ф.
|c немецкий математик
|f 1849-1925
|g Феликс
|2 stltpush
|3 (RuTPU)RU\TPU\pers\8781
|9 1692
|
| 600 |
|
1 |
|a Пуанкаре
|b Ж. А.
|c французский математик
|f 1854-1912
|g Жюль Анри
|c физик
|c философ
|2 stltpush
|3 (RuTPU)RU\TPU\pers\8982
|
| 600 |
|
1 |
|a Гельмгольц
|b Г. Л. Ф.
|c немецкий естествоиспытатель
|f 1821-1893
|g Герман Людвиг Фердинанд
|2 stltpush
|3 (RuTPU)RU\TPU\pers\6201
|9 1207
|
| 610 |
1 |
|
|a геометрия Лобачевского
|
| 610 |
1 |
|
|a неевклидова геометрия
|
| 610 |
1 |
|
|a группы
|
| 610 |
1 |
|
|a математика
|
| 610 |
1 |
|
|a геометрия
|
| 610 |
1 |
|
|a теория
|
| 610 |
1 |
|
|a сборники
|
| 675 |
|
|
|a 514.13
|v 3
|
| 702 |
|
1 |
|a Норден
|b А. П.
|c российский геометр
|c профессор Казанского университета
|f 1904-1993
|g Александр Петрович
|2 stltpush
|3 (RuTPU)RU\TPU\pers\23651
|4 340
|9 10332
|
| 702 |
|
1 |
|a Бронштейн
|b И. Н.
|4 220
|
| 801 |
|
1 |
|a RU
|b 63413507
|c 20050208
|g PSBO
|
| 801 |
|
2 |
|a RU
|b 63413507
|c 20210620
|g PSBO
|
| 942 |
|
|
|c BK
|